000 00477nam a22001817a 4500
003 CEME
005 20210628210610.0
008 210210b xxu||||| |||| 00| 0 eng d
020 _a0-07-011944-9
040 _c.
082 _a658.3 CAS
100 _aCascio, Wayne.F
_980115
245 _aManaging human resources productivity, quality of work life, profits
250 _a5TH
260 _aBOSTAN
_bIRWIN
_c1998
650 _aPERSONNEL MANAGEMENT
_91204
942 _cBK
_2ddc
999 _c585080
_d585080